Французская колонизация островов Индийского океана XVII-XVIII вв.

Dades bibliogràfiques
Autor principal: Керов В. Л. Всеволод Львович
Sumari:Рез.: фр.
Idioma:rus
Publicat: Москва, Наука, 1990
Matèries:
Format: MixedMaterials Llibre
KOHA link:https://koha.lib.tpu.ru/cgi-bin/koha/opac-detail.pl?biblionumber=197300

MARC

LEADER 00000nam0a2200000 4500
001 197300
005 20231031183422.0
010 |a 5020169226 
020 |a RU  |b 91-280 
035 |a (RuTPU)RU\TPU\book\215205 
090 |a 197300 
100 |a 20110608d1990 m a0rusy5003 ca 
101 0 |a rus 
102 |a RU 
105 |a a z 001zy 
200 1 |a Французская колонизация островов Индийского океана XVII-XVIII вв.  |f В. Л. Керов 
210 |a Москва  |c Наука  |d 1990 
215 |a 146,[2] с.  |c ил.  |d 21 см 
300 |a Рез.: фр. 
320 |a Библиогр.: с. 126-133. (115 назв.) 
320 |a Указ. геогр., социал., этнич. и полит. назв. имен.: с. 135-145. 
610 1 |a колониальная политика 
610 1 |a Индийский океан 
610 1 |a история 
610 1 |a Франция. 
610 1 |a Мадагаскар 
610 1 |a 17 век 
610 1 |a 18 век 
610 1 |a острова 
686 |a Т3(6)  |2 rubbk 
686 |a Т3(4Фр)  |2 rubbk 
700 1 |a Керов  |b В. Л.  |g Всеволод Львович  |4 070 
801 0 |a RU  |b RuMRKP  |c 19950417  |g psbo 
801 1 |a RU  |b 63413507  |c 20110608 
801 2 |a RU  |b 63413507  |c 20110615  |g RCR 
942 |c BK